000 00551nam a22002057a 4500
003 LK-CoDNM
005 20241016114612.0
008 241016b |||||||| |||| 00| 0 eng d
040 _aLK-CoDNM
_dLK-CoDNM
_eLK-CoDNM
041 _asin
080 _aප්‍ර.ද
_b14.2
100 _aunknown
245 _aදිනමිණ වෙසක් කලාපය 1949
260 _c1949
300 _a 24cm
650 _aප්‍ර.ද 14.2
650 _aදිනමිණ වෙසක් කලාපය
650 _a 1949
942 _cBK
999 _c219694
_d219694